<?xml version='1.0' encoding='UTF-8'?>
  <record xmlns="http://www.loc.gov/MARC21/slim">
    <leader>00000cam a22000007i 4500</leader>
    <controlfield tag="001">ocm65365386</controlfield>
    <controlfield tag="003">OCoLC</controlfield>
    <controlfield tag="005">20250927110932.2</controlfield>
    <controlfield tag="008">900519s1628    ne            000 0 dut d</controlfield>
    <datafield tag="040" ind1=" " ind2=" ">
      <subfield code="a">NLGGC</subfield>
      <subfield code="b">dut</subfield>
      <subfield code="e">fobidrtb</subfield>
      <subfield code="c">NLGGC</subfield>
      <subfield code="d">OCLCL</subfield>
      <subfield code="d">OCLCQ</subfield>
    </datafield>
    <datafield tag="029" ind1="0" ind2=" ">
      <subfield code="a">NLGGC</subfield>
      <subfield code="b">061712728</subfield>
    </datafield>
    <datafield tag="035" ind1=" " ind2=" ">
      <subfield code="a">(OCoLC)65365386</subfield>
    </datafield>
    <datafield tag="100" ind1="1" ind2=" ">
      <subfield code="a">Colevelt, Jacob Janszoon,</subfield>
      <subfield code="d">17e eeuw.</subfield>
      <subfield code="0">(NL-LeOCL)069985499</subfield>
    </datafield>
    <datafield tag="245" ind1="1" ind2="0">
      <subfield code="a">I. I. Colevelts Droef-eyndend-spel, tusschen Graef Floris, en Gerrit van Velsen. :</subfield>
      <subfield code="b">Op de regel: Eerst ghedaen, daer nae bedacht, Heeft menigh in 't verdriet ghebracht. Gespeelt op de Brabantsche Camer, Wt levender Ionst, in Amsterdam, daeghs naer Nieuwe-Jaer, anno 1628.</subfield>
    </datafield>
    <datafield tag="246" ind1="3" ind2=" ">
      <subfield code="a">Droef-eyndend-spel tusschen Graef Floris en Gerrit van Velsen</subfield>
    </datafield>
    <datafield tag="260" ind1=" " ind2=" ">
      <subfield code="a">T'Amstelredam :</subfield>
      <subfield code="b">voor Cornelis Willemsz Blaeuw-laken,</subfield>
      <subfield code="c">[1628]</subfield>
    </datafield>
    <datafield tag="300" ind1=" " ind2=" ">
      <subfield code="a">[68] p. ;</subfield>
      <subfield code="c">in-4.</subfield>
    </datafield>
    <datafield tag="336" ind1=" " ind2=" ">
      <subfield code="a">tekst</subfield>
      <subfield code="b">txt</subfield>
      <subfield code="2">rdacontent/dut</subfield>
    </datafield>
    <datafield tag="337" ind1=" " ind2=" ">
      <subfield code="a">zonder medium</subfield>
      <subfield code="b">n</subfield>
      <subfield code="2">rdamedia/dut</subfield>
    </datafield>
    <datafield tag="338" ind1=" " ind2=" ">
      <subfield code="a">band</subfield>
      <subfield code="b">nc</subfield>
      <subfield code="2">rdacarrier/dut</subfield>
    </datafield>
    <datafield tag="500" ind1=" " ind2=" ">
      <subfield code="a">Collatieformule: A-H 4 I 2.</subfield>
    </datafield>
    <datafield tag="530" ind1=" " ind2=" ">
      <subfield code="a">Titel is geselecteerd voor digitalisering voor de Universiteit van Amsterdam in het kader van het Google Books-project.</subfield>
    </datafield>
    <datafield tag="700" ind1="1" ind2=" ">
      <subfield code="a">Blaeu-Laken, Cornelis Willemsz</subfield>
      <subfield code="c">Amsterdam.</subfield>
      <subfield code="4">prt</subfield>
      <subfield code="0">(NL-LeOCL)114873135</subfield>
    </datafield>
    <datafield tag="758" ind1=" " ind2=" ">
      <subfield code="a">I. I. Colevelts Droef-eyndend-spel, tusschen Graef Floris, en Gerrit van Velsen. Op de regel: Eerst ghedaen, daer nae bedacht, Heeft menigh in 't verdriet ghebracht. Gespeelt op de Brabantsche Camer, Wt levender Ionst, in Amsterdam, daeghs naer Nieuwe-Jaer, anno 1628 (Text)</subfield>
      <subfield code="1">https://id.oclc.org/worldcat/entity/E39PD3kVxBtg9Yv3GXHmjvv9J8</subfield>
      <subfield code="4">https://id.oclc.org/worldcat/ontology/hasWork</subfield>
    </datafield>
    <datafield tag="776" ind1="0" ind2=" ">
      <subfield code="t">I. I. Colevelts Droef-eyndend-spel, tusschen Graef Floris, en Gerrit van Velsen.</subfield>
      <subfield code="w">(NL-LeOCL)377533203</subfield>
    </datafield>
    <datafield tag="776" ind1="0" ind2=" ">
      <subfield code="t">I. I. Colevelts Droef-eyndend-spel, tusschen Graef Floris, en Gerrit van Velsen.</subfield>
      <subfield code="w">(NL-LeOCL)406950016</subfield>
    </datafield>
    <datafield tag="776" ind1="0" ind2=" ">
      <subfield code="t">I. I. Colevelts Droef-eyndend-spel, tusschen Graef Floris, en Gerrit van Velsen.</subfield>
      <subfield code="w">(NL-LeOCL)406950024</subfield>
    </datafield>
    <datafield tag="856" ind1="4" ind2="2">
      <subfield code="y">Short Title Catalogue, Netherlands</subfield>
      <subfield code="u">http://resolver.kb.nl/resolve?urn=STCN:852708874:record</subfield>
      <subfield code="z">zie de oorspronkelijke beschrijving bij de STCN voor mogelijk overige vindplaatsen</subfield>
      <subfield code="7">0</subfield>
    </datafield>
    <datafield tag="936" ind1=" " ind2=" ">
      <subfield code="a">BATCHLOAD</subfield>
    </datafield>
  </record>